Países com mais fronteiras de A-Z - Statistics

Estatísticas Gerais
  • Esse quiz foi jogado 548 vezes
  • A pontuação média é 13 de 23
Estatísticas das Respostas
Letra País #Fronteiras % Correto
B Brasil 10
96%
C China 14
83%
A Alemanha 9
81%
R Russia 14
81%
Z Zâmbia 8
75%
F França 10
72%
O Omã 3
70%
Q Quênia 5
64%
V Venezuela / Vietnã 3
61%
T Tanzânia / Turquia 8
58%
J Jordania 5
54%
K Kosovo 4
53%
D Djibouti 3
52%
U Ucrânia 8
50%
H Hungria 7
49%
N Níger 7
44%
P Polônia 7
43%
E Etiópia 6
40%
I Irã 7
39%
M Mali 7
35%
G Guiné 6
32%
L Líbia 6
32%
S Sérvia 8
26%
Nenhum quiz correspondente encontrado
Distribuição das Pontuações
Porcentagem de Pessoas com Cada Pontuação
Percentil de Números Respondidos
Sua Pontuação Histórica
Você não jogou esse quiz